Missing Word: Oscar Songs Quiz Stats

Quiz Updated Mar 4, 2016

Challenge
Share
Tweet
Embed
Score 0/30 Timer 04:00
1 Play Today
Song Missing Word % Correct
When You ____ Upon A StarWish
97.8%
Baby, It's ____ OutsideCold
96.4%
Can You ____ The Love TonightFeel
96.4%
(I've Had) The ____ Of My LifeTime
94.6%
The ____ We WereWay
91.7%
____ Keep Fallin' On My HeadRaindrops
90.3%
We May ____ Love Like This AgainNever
90.1%
____ ChristmasWhite
89.9%
____ LisaMona
89.1%
My ____ Will Go OnHeart
88.9%
Take My ____ AwayBreath
88.7%
You ____ Up My LifeLight
88.1%
Over The ____Rainbow
86.2%
A ____ New WorldWhole
83%
Flashdance...What A ____Feeling
80.4%
Song Missing Word % Correct
I Just ____ To Say I Love YouCalled
79.6%
Moon ____River
78.1%
____ The SeaUnder
76.1%
Up Where We ____Belong
75.5%
Three ____ In The FountainCoins
69.3%
Colors of The ____Wind
66.7%
Days Of ____ and RosesWine
64.4%
Windmills Of Your ____Mind
64.1%
____ To The AnimalsTalk
60%
____ HopesHigh
57.1%
____ Of PhiladelphiaStreets
56.4%
Never On ____Sunday
54%
Lullaby Of ____Broadway
47.6%
Thanks For The ____Memory
36.4%
____ On A StarSwinging
22.4%

Today's Daily Dose

Missing Word
NPR Programs

Quick Pick
1991 Events

On This Day
June 18th II

You're not logged in!

Compare scores with friends on all Sporcle quizzes.
Join for Free
OR
Log In

You Might Also Like...

Show Comments

Extras

Top Quizzes Today


Score Distribution

Your Account Isn't Verified!

In order to create a playlist on Sporcle, you need to verify the email address you used during registration. Go to your Sporcle Settings to finish the process.

Report this User

Report this user for behavior that violates our Community Guidelines.

Details: